00774nam a22002537a 45000010005000000030006000050050017000110080041000280200018000690400029000870500015001160820011001311000027001422450045001692600042002143000044002564900027003005050008003275200098003355210020004335210020004536500025004736500022004985407FISKH20241203144833.0241203b cb ||||| |||| 00| 0 eng d a9780590481410 aFISKHbengcFISKHdFISKH aPZ7.W82129 a813.54 aWolff, Virginia Euwer  aMake Lemonade /cby Virginia Euwer Wolff aNew York : bScholastic ;c1993​ .  a200 pages : billustrations ;c18 cm .  a Make Lemonade Trilogy aX  aIn order to earn money for college, fourteen-year-old LaVaughn babysits for a teenage mother.8 a890 bLexile 8 aX bRaz-Plus  ababysittingvFiction apoverty vFiction